Čas na investovanie je ohraničený

Hodnotenie Slovensko-nemeckých vzťahov veľvyslancom Nemeckej spolkovej republiky v SR Lambachom Frankom. Zahraničnoobchodná bilancia Slovenska a Nemecka.

Salvato in:
Dettagli Bibliografici
Autore principale: Janků, Jaroslav
Natura: Capitolo di libro
Lingua:slovacco
Soggetti:
Tags: Aggiungi Tag
Nessun Tag, puoi essere il primo ad aggiungerne!!

MARC

LEADER 00000naa a2200000 4500
001 r041475
005 20230920072601.6
041 0 |a slo 
044 |a SK 
245 1 0 |a Čas na investovanie je ohraničený  |c Jaroslav Janků 
520 |a Hodnotenie Slovensko-nemeckých vzťahov veľvyslancom Nemeckej spolkovej republiky v SR Lambachom Frankom. Zahraničnoobchodná bilancia Slovenska a Nemecka. 
610 2 0 |a vzťahy hospodárske medzinárodné 
610 2 0 |a Slovensko 
610 2 0 |a Nemecko 
610 2 0 |a investície priame zahraničné 
610 2 0 |a podnikatelia 
610 2 0 |a politika daňová 
100 1 |a Janků, Jaroslav